Ekonomika sa digitalizuje
Význam informatiky, mikrotechnológie a informačno-komunikačnej technológie pre akceleráciu ekonomiky Slovenska. Hospodárstvo SR v globalizačnom procese a jeho orientácia na informatiku, IKT a emergentné mikrotechnológie. Digitálne hospodárstvo ako spontánna tendencia k novej forme hospodárstva. Emer...
Saved in:
| Main Author: | |
|---|---|
| Format: | Book Chapter |
| Language: | Slovak |
| Subjects: | |
| Tags: |
No Tags, Be the first to tag this record!
|
MARC
| LEADER | 00000naa$a2200000$$$4500 | ||
|---|---|---|---|
| 001 | 0013513 | ||
| 005 | 20230926071525.0 | ||
| 041 | 0 | |a slo | |
| 044 | |a SK | ||
| 245 | 1 | 0 | |a Ekonomika sa digitalizuje |c Ladislav Andrášik |
| 520 | |a Význam informatiky, mikrotechnológie a informačno-komunikačnej technológie pre akceleráciu ekonomiky Slovenska. Hospodárstvo SR v globalizačnom procese a jeho orientácia na informatiku, IKT a emergentné mikrotechnológie. Digitálne hospodárstvo ako spontánna tendencia k novej forme hospodárstva. Emergentné mikrotechnológie pre malé hospodárstva. Emergentné mikrotechnológie z ekonomického hľadiska. Situácia na Slovensku. Orientácia na emergentné mikrotechnológie ako veľmi výhodné smerovanie pre malé ekonomiky. Priblíženie problematiky mikrotechnológií. Nová odborná oblasť - mikromechatronika. Mikromechatronické prvky a moduly a ich využitie v priemysle či v poľnohospodárstve. | ||
| 610 | 2 | 0 | |a informatika |
| 610 | 2 | 0 | |a technológie informačné |
| 610 | 2 | 0 | |a technológie komunikačné |
| 610 | 2 | 0 | |a technológie nové |
| 610 | 2 | 0 | |a hospodárstvo národné |
| 610 | 2 | 0 | |a Slovensko |
| 610 | 2 | 0 | |a hospodárstvo trhové |
| 610 | 2 | 0 | |a konkurencieschopnosť |
| 100 | 1 | |a Andrášik, Ladislav | |